[Event "FRA-ch U16 Girls"]
[Site "Nimes"]
[Date "2012.04.17"]
[Round "5"]
[White "Bellaiche, Elise"]
[Black "Susini, Lisa"]
[Result "1-0"]
[WhiteElo "1985"]
[BlackElo "1748"]
[PlyCount "149"]
[EventDate "2012.04.14"]
[EventType "swiss"]
[EventRounds "9"]
[EventCountry "FRA"]
[SourceTitle "CBM 148 Extra"]
[Source "ChessBase"]
[SourceDate "2012.06.22"]
[SourceVersion "1"]
[SourceVersionDate "2012.06.22"]
[SourceQuality "1"]

1. e4 e5 2. Nf3 Nc6 3. Bc4 Nf6 4. d3 Be7 5. c3 0-0 6. Bb3 d5 7. Nbd2 h6 8. 0-0 Bg4 9. h3 Bh5 10. exd5 Nxd5 11. Ne4 Nb6 12. Re1 Nd7 13. Ba4 Bd6 14. Bxc6 bxc6 15. Ng3 Bg6 16. d4 Re8 17. dxe5 Nxe5 18. Nxe5 Rxe5 19. Be3 c5 20. Ne2 Re8 21. Qd2 Qf6 22. Rad1 Rab8 23. b3 Rbd8 24. Qc1 Bf8 25. Rxd8 Rxd8 26. Rd1 Rxd1+ 27. Qxd1 Bd6 28. Qd5 Qd8 29. c4 Qf8 30. Nc3 a6 31. Na4 Bb1 32. Nc3 Bg6 33. Na4 Bb1 34. a3 Bc2 35. Nxc5 Qe8 36. b4 Qc8 37. Ne4 Bxe4 38. Qxe4 Bf8 39. Bf4 c5 40. b5 axb5 41. cxb5 Qd8 42. Qc6 Qd1+ 43. Kh2 Qa4 44. Be3 c4 45. Qa6 Qxa3 46. Qxa3 Bxa3 47. b6 c3 48. Bf4 c2 49. b7 Bd6 50. Bxd6 c1Q 51. b8Q+ Kh7 52. Qc7 Qd2 53. Bg3 Qd5 54. Qd6 Qa2 55. Qd3+ Kg8 56. Qd8+ Kh7 57. Qh4 Qd5 58. Bb8 Qb7 59. Bf4 Qd5 60. Be3 f6 61. g4 Qe5+ 62. Qg3 Qb5 63. h4 Qa5 64. g5 fxg5 65. hxg5 hxg5 66. Qxg5 Qc7+ 67. Qg3 Qf7 68. Bf4 Qa7 69. Be5 Qb7 70. Qxg7+ Qxg7 71. Bxg7 Kxg7 72. Kg3 Kg6 73. Kg4 Kf6 74. f4 Kf7 75. Kf5 1-0

[Event "FRA-ch U16 Girls"]
[Site "Nimes"]
[Date "2012.04.16"]
[Round "4"]
[White "Dol, Cecile"]
[Black "Susini, Lisa"]
[Result "0-1"]
[WhiteElo "1577"]
[BlackElo "1748"]
[PlyCount "82"]
[EventDate "2012.04.14"]
[EventType "swiss"]
[EventRounds "9"]
[EventCountry "FRA"]
[SourceTitle "CBM 148 Extra"]
[Source "ChessBase"]
[SourceDate "2012.06.22"]
[SourceVersion "1"]
[SourceVersionDate "2012.06.22"]
[SourceQuality "1"]

1. e3 d5 2. Be2 Nf6 3. b3 e6 4. d4 Bd6 5. Ba3 0-0 6. Nf3 c6 7. Bxd6 Qxd6 8. 0-0 Nbd7 9. c4 b6 10. Nbd2 Bb7 11. Qc2 Qe7 12. Bd3 Rac8 13. Rac1 dxc4 14. bxc4 h6 15. Rfe1 c5 16. Qb3 Rfd8 17. Bb1 Nf8 18. Qb2 N8d7 19. Qc2 Nf8 20. Qb2 N8d7 21. Qa3 a6 22. e4 Qf8 23. Qd3 cxd4 24. e5 Nc5 25. Qe2 d3 26. Qe3 Nfe4 27. Nxe4 Bxe4 28. Nd2 Bh7 29. Qf4 Qe7 30. Re3 Qg5 31. Qxg5 hxg5 32. Rg3 Ne4 33. Nxe4 Bxe4 34. Rd1 Rxc4 35. h3 d2 36. Bxe4 Rxe4 37. Kf1 Rxe5 38. Rb3 Rc8 39. Rxb6 Rc1 40. Rb1 Re1+ 41. Rxe1 dxe1Q# 0-1

[Event "FRA-ch U16 Girls"]
[Site "Nimes"]
[Date "2012.04.15"]
[Round "3"]
[White "Susini, Lisa"]
[Black "Vallat, Julie"]
[Result "1-0"]
[WhiteElo "1748"]
[BlackElo "1566"]
[PlyCount "59"]
[EventDate "2012.04.14"]
[EventType "swiss"]
[EventRounds "9"]
[EventCountry "FRA"]
[SourceTitle "CBM 148 Extra"]
[Source "ChessBase"]
[SourceDate "2012.06.22"]
[SourceVersion "1"]
[SourceVersionDate "2012.06.22"]
[SourceQuality "1"]

1. d4 d5 2. Nf3 Nf6 3. e3 Bf5 4. c4 e6 5. Nc3 Be7 6. Bd3 Bg6 7. 0-0 Nbd7 8. Re1 0-0 9. b3 c5 10. Bxg6 hxg6 11. cxd5 exd5 12. Bb2 Rc8 13. dxc5 Nxc5 14. Rc1 Nce4 15. Nxe4 Nxe4 16. Rxc8 Qxc8 17. Qd3 Rd8 18. Rc1 Qf5 19. Qe2 f6 20. Nd4 Qd7 21. Qc2 Bd6 22. f3 Ng5 23. Qxg6 Rc8 24. Rxc8+ Qxc8 25. Nf5 Qd7 26. Bxf6 Ne6 27. Nxd6 Qxd6 28. Bb2 Qe7 29. Qd3 Qd6 30. h4 1-0

[Event "FRA-ch U16 Girls"]
[Site "Montlucon"]
[Date "2011.04.19"]
[Round "4"]
[White "Susini, Lisa"]
[Black "Bekhouche, Marion"]
[Result "0-1"]
[WhiteElo "1615"]
[BlackElo "1703"]
[PlyCount "108"]
[EventDate "2011.04.17"]
[EventType "swiss"]
[EventRounds "9"]
[EventCountry "FRA"]
[SourceTitle "CBM 142 Extra"]
[Source "ChessBase"]
[SourceDate "2011.06.27"]
[SourceVersion "1"]
[SourceVersionDate "2011.06.27"]
[SourceQuality "1"]

1. d4 d5 2. Nf3 e6 3. e3 Bd6 4. Bd3 f5 5. Nbd2 Nf6 6. c4 c6 7. Rb1 Ne4 8. b4 Nc3 9. Qb3 Nxb1 10. Bxb1 0-0 11. Ne5 Nd7 12. Ndf3 Qc7 13. Bb2 b6 14. 0-0 Bb7 15. Rc1 Rac8 16. Ng5 Rf6 17. f4 Qd8 18. c5 Bxe5 19. fxe5 Rg6 20. Nf3 bxc5 21. dxc5 Ba6 22. Bd3 Nb8 23. Bd4 Qd7 24. a4 Bxd3 25. Qxd3 a6 26. Rb1 h5 27. Qe2 Rh6 28. h4 Rc7 29. Ng5 Qe8 30. Rb2 Ra7 31. Kh2 g6 32. b5 axb5 33. axb5 cxb5 34. Rxb5 Nc6 35. Qb2 Re7 36. Rb6 Rh8 37. Rb7 Nd8 38. Rb8 Kg7 39. Qb6 Qd7 40. Qd6 Rhe8 41. Nxe6+ Nxe6 42. Qxd7 Rxd7 43. Rxe8 Kf7 44. Ra8 Rc7 45. Ra5 Ke7 46. Kg3 Kd7 47. Ra6 Ke7 48. Kf3 Kf7 49. Rd6 Nxc5 50. Rxd5 Ne4 51. Ra5 Rc2 52. Ra7+ Kg8 53. Ra8+ Kh7 54. Ra7+ Kh6 0-1

[Event "FRA-ch U16 Girls"]
[Site "Montlucon"]
[Date "2011.04.18"]
[Round "2"]
[White "Fischer, Julie"]
[Black "Susini, Lisa"]
[Result "0-1"]
[WhiteElo "1823"]
[BlackElo "1615"]
[PlyCount "108"]
[EventDate "2011.04.17"]
[EventType "swiss"]
[EventRounds "9"]
[EventCountry "FRA"]
[SourceTitle "CBM 142 Extra"]
[Source "ChessBase"]
[SourceDate "2011.06.27"]
[SourceVersion "1"]
[SourceVersionDate "2011.06.27"]
[SourceQuality "1"]

1. e4 e5 2. Nf3 Nc6 3. d4 exd4 4. Bc4 Nf6 5. e5 d5 6. Bb5 Nd7 7. 0-0 Be7 8. e6 Nf6 9. Ne5 Bxe6 10. Nxc6 bxc6 11. Bxc6+ Bd7 12. Bxa8 Qxa8 13. Re1 c5 14. Bg5 Be6 15. f4 Qb7 16. Bxf6 gxf6 17. Qe2 Bf5 18. b3 Rg8 19. a4 a6 20. Na3 Be4 21. g3 Bd8 22. Nc4 Qc6 23. Nd2 f5 24. Nf3 f6 25. Nh4 Qe6 26. Qh5+ Qf7 27. Qxf5 Qd7 28. Qh5+ Kf8 29. Rxe4 dxe4 30. Qxc5+ Be7 31. Qh5 d3 32. Nf5 dxc2 33. Rc1 Qd2 34. Rxc2 Qxc2 35. Qh6+ Ke8 36. Qxh7 Bc5+ 37. Kh1 Qd1+ 38. Kg2 Qf3+ 39. Kh3 Qg4+ 40. Kg2 e3 41. Nxe3 Bxe3 42. Qe4+ Kf8 43. Qxe3 Qe6 44. Qf3 Rh8 45. f5 Qd7 46. Qf1 Qd2+ 47. Kf3 Rxh2 48. Qc4 Kg7 49. Qc7+ Kh6 50. Qc5 Qd3+ 51. Kf4 Qf1+ 52. Ke4 Re2+ 53. Kd4 Qd1+ 54. Kc4 Rc2+ 0-1

[Event "Corsica Masters op 13th"]
[Site "Bastia"]
[Date "2009.10.26"]
[Round "3"]
[White "Palac, Mladen"]
[Black "Susini, Lisa"]
[Result "1-0"]
[WhiteElo "2576"]
[BlackElo "1592"]
[PlyCount "39"]
[EventDate "2009.10.25"]
[EventType "swiss"]
[EventRounds "9"]
[EventCountry "FRA"]
[SourceTitle "EXT 2010"]
[Source "ChessBase"]
[SourceDate "2010.11.25"]
[SourceVersion "1"]
[SourceVersionDate "2010.11.25"]
[SourceQuality "1"]

1. e4 e5 2. Nf3 Nc6 3. Bb5 Nf6 4. d3 Nd4 5. Nxd4 exd4 6. e5 Nd5 7. 0-0 Bc5 8. Qg4 Rg8 9. Qe4 Bb6 10. Qxh7 Ne7 11. Bg5 Kf8 12. Re1 Qe8 13. Nd2 Ng6 14. Qh5 Nxe5 15. Nc4 f6 16. Qxe8+ Kxe8 17. Nxe5 fxe5 18. Rxe5+ Kf8 19. Rf5+ Ke8 20. Re1# 1-0

[Event "Calvi Balagne op 06th"]
[Site "Calvi"]
[Date "2009.04.30"]
[Round "4"]
[White "Susini, Lisa"]
[Black "Poiron, Nicolas"]
[Result "0-1"]
[WhiteElo "1620"]
[BlackElo "1845"]
[PlyCount "102"]
[EventDate "2009.04.28"]
[EventType "swiss"]
[EventRounds "9"]
[EventCountry "FRA"]
[SourceTitle "CBM 130 Extra"]
[Source "ChessBase"]
[SourceDate "2009.07.02"]
[SourceVersion "2"]
[SourceVersionDate "2009.07.15"]
[SourceQuality "1"]

1. e4 c5 2. Nf3 Nc6 3. c3 e6 4. d4 cxd4 5. cxd4 d5 6. Nc3 Bb4 7. Bd3 Nf6 8. Bg5 dxe4 9. Bxe4 Qa5 10. Bxc6+ bxc6 11. Bd2 Nd5 12. Nxd5 Bxd2+ 13. Qxd2 Qxd2+ 14. Nxd2 cxd5 15. 0-0 Ba6 16. Rfe1 Kd7 17. Nb3 Kd6 18. Rac1 Rhc8 19. Nc5 Bc4 20. b3 Bb5 21. a4 Be8 22. Nb7+ Ke7 23. Nc5 Rab8 24. Rb1 Rb4 25. Red1 e5 26. Nd3 Rxd4 27. Nxe5 Rxd1+ 28. Rxd1 Rc3 29. Rb1 f6 30. Nf3 Bg6 31. Re1+ Kd6 32. Nd4 Kc5 33. Rd1 Rd3 34. Ne6+ Kb4 35. Re1 Rxb3 36. f3 Rb1 37. Rxb1+ Bxb1 38. Nxg7 Kxa4 39. Ne6 Kb4 40. Kf2 a5 41. Nd4 a4 42. Ne2 a3 43. Nc1 Kc3 44. Ke2 Kc2 45. Nd3 Ba2 46. Nb4+ Kb3 47. Nd3 Bb1 48. Nc1+ Kb2 49. Nd3+ Bxd3+ 50. Kxd3 a2 51. Kd4 a1Q 0-1